[Event "46th BAN National Premier Chess-ch 2021"]
[Site "Dhaka"]
[Date "2022.01.07"]
[Round "10.4"]
[White "Mohammad, Minhaz Uddin"]
[Black "Hossain, Enamul"]
[Result "0-1"]
[WhiteElo "2259"]
[BlackElo "2398"]
[Annotator "TA"]
[PlyCount "52"]
[EventDate "2021.12.27"]
[EventCountry "BAN"]
[SourceTitle "playchess.com"]
[Source "ChessBase"]
[SourceQuality "1"]

{[%evp 11,52,14,18,19,35,0,0,0,0,-18,-13,-10,-20,-37,0,-69,-44,-85,-79,-75,-84,-89,-25,-35,-22,-70,-29,-54,-31,-29,-32,-32,-32,-67,-55,-74,-72,-75,-75,-85,-77,-69,-53]} 1. e4 e6 2. d4 d5 3. Nd2 Be7 4. Bd3 c5 5. dxc5 Nf6 6. Qe2 O-O 7. Ngf3 {C03: French Tarrasch: Unusual Black 3rd moves.} a5 8. a4 Na6 9. e5 {The position is equal.} Nd7 10. Nb3 Naxc5 11. Nxc5 Nxc5 12. Be3 {[#]} Bd7 $146 ({Predecessor:} 12... Nxd3+ 13. cxd3 Bd7 14. O-O Qb8 15. Rfc1 Rc8 16. Rxc8+ Qxc8 17. g3 Qd8 18. Qd1 h6 {0-1 (65) Kuuse,K (2034)-Galik,A ICCF email 2016}) 13. b3 (13. Bxc5 $11 Bxc5 14. O-O) 13... Nxd3+ $15 14. Qxd3 (14. cxd3 $15 Bb4+ 15. Bd2) 14... Rb8 $17 15. Nd4 Qc7 16. f4 Bb4+ ({Better is} 16... f6 $17 17. exf6 Bb4+ 18. Bd2 Qxf4) 17. Bd2 $1 $11 Bc5 18. Be3 (18. Nb5 $11 Bxb5 19. axb5) 18... Rfc8 (18... b5 $15 19. axb5 {[#]} Bxb5 $1 20. Nxb5 Rxb5 $1) 19. O-O b5 (19... Bxd4 {keeps more tension.} 20. Bxd4 b5 21. Ra2 bxa4 22. bxa4 Rb4) 20. axb5 {[#]} Bxb5 21. Nxb5 Bxe3+ 22. Qxe3 Rxb5 23. Rf2 g6 24. Ra2 Rb4 25. g3 Rcb8 26. Qd3 Qc5 {Weighted Error Value: White=0.21 (precise) /Black=0.13 (very precise)} 0-1

[Event "46th BAN National Premier Chess-ch 2021"]
[Site "Dhaka"]
[Date "2022.01.07"]
[Round "10.5"]
[White "Nayem, Haque"]
[Black "Chatterjee, Debaraj"]
[Result "1/2-1/2"]
[WhiteElo "2091"]
[BlackElo "2204"]
[Annotator "TA"]
[PlyCount "63"]
[EventDate "2021.12.27"]
[EventCountry "BAN"]
[SourceTitle "playchess.com"]
[Source "ChessBase"]
[SourceQuality "1"]

{[%evp 17,63,28,68,58,68,58,64,59,60,55,70,61,82,72,80,83,87,43,58,42,54,37,30,23,27,27,45,0,65,59,56,65,68,49,45,42,41,28,38,38,35,37,33,37,49,40,44,31]} 1. e4 d5 2. exd5 Qxd5 3. Nc3 Qa5 4. d4 Nf6 5. Nf3 Bf5 6. Bc4 e6 7. Bd2 c6 8. Nd5 Qd8 9. Nxf6+ gxf6 $1 {The main line 9...gxf6 scores better than 9...Qxf6.} 10. O-O {B01: Scandinavian Defence.} Bg7 11. Re1 {Hoping for Nh4.} O-O {[#]} 12. a4 $146 ({Predecessor:} 12. Nh4 Bg6 13. c3 Nd7 14. Bf1 Rc8 15. g3 a6 16. Ng2 e5 17. h4 h6 18. h5 {1-0 (58) Perunovic,M (2604)-Balog,I (2559) Hungary 2018}) 12... a5 13. h4 Bg4 14. Ra3 Nd7 15. Qc1 Bxf3 16. Rxf3 Kh8 (16... Nb6 {[#]} 17. Bh6 $1 Qxd4 18. Rg3 $1 Qxh4 19. Re4 $3 {[%mdl 512]} Qxe4 20. Bxg7 $18 (20. Bd3 Qg6 $16)) 17. c3 {White is much more active.} (17. Rb3 $16) 17... f5 18. Bg5 Bf6 19. Qf4 Rg8 {[%cal Rf6g5]} 20. Rg3 Qb8 21. Qf3 Qd6 22. Bd3 (22. Bf4 $14 Qf8 23. h5) 22... Rg6 ({Black should play} 22... Bxg5 $11 23. Rxg5 (23. hxg5 Rg7 $11) 23... Rxg5 24. hxg5 Rg8) 23. Bf4 $14 Qd5 24. Qxd5 cxd5 25. Rxg6 hxg6 26. Bb5 Nb6 27. Bc7 {This bishop pair is nice.} Nc4 28. Bxc4 {White is slightly better.} dxc4 29. Be5 Kg7 30. Bxf6+ Kxf6 31. Re5 $1 {Strongly threatening Rb5.} b6 32. Rb5 {Weighted Error Value: White=0.07 (flawless) /Black=0.12 (very precise)} 1/2-1/2

[Event "46th BAN National Premier Chess-ch 2021"]
[Site "Dhaka"]
[Date "2022.01.07"]
[Round "10.6"]
[White "Reefat, Bin-Sattar"]
[Black "Islam, Khandaker Aminul"]
[Result "1-0"]
[WhiteElo "2394"]
[BlackElo "2155"]
[Annotator "TA"]
[PlyCount "75"]
[EventDate "2021.12.27"]
[EventCountry "BAN"]
[SourceTitle "playchess.com"]
[Source "ChessBase"]
[SourceQuality "1"]

{[%evp 14,75,27,27,34,46,50,43,31,33,72,49,107,112,137,103,150,147,187,173,150,128,125,125,157,141,152,0,153,125,196,195,192,177,200,199,180,177,320,319,297,259,266,90,81,81,67,16,7,0,0,0,3,6,276,272,887,887,866,854,859,854,846,800]} 1. e4 e5 2. Nf3 Nc6 3. d4 exd4 4. Nxd4 Bc5 5. Nb3 Bb6 6. Nc3 Qf6 7. Qe2 Nge7 8. Be3 Bxe3 {Recently 8...d6 got a lot of attention. C45: Scotch Game.} 9. Qxe3 a6 {Inhibits Nb5.} 10. O-O-O d6 {White is slightly better.} 11. f4 {[#]} h5 $146 ({Predecessor:} 11... O-O 12. g3 b5 13. Bg2 Rb8 14. Rhe1 Re8 15. Qf2 b4 16. Nd5 Nxd5 17. exd5 Ne7 {½-½ (52) Manik,M (2412)-Zatko,G (2158) Banska Stiavnica 2013}) 12. g3 Kf8 (12... Bg4 $14) 13. Bg2 $16 {[%cal Bf1g2,Bg2f3,Bf3e2][%mdl 32] White is more active.} Be6 14. Kb1 Bxb3 ({Black should try} 14... Re8) 15. axb3 (15. cxb3 Qe6 $16) 15... Re8 16. Rhf1 Qe6 17. Qf2 Rh6 18. Bf3 Qc8 19. Qe2 Nf5 20. Qf2 {Inhibits Nfd4.} ({Much worse is} 20. Bxh5 $6 Nfd4 21. Qg4 g6 $11) 20... Nfe7 21. Qg2 Qb8 (21... Qe6 $16 {was called for.}) 22. h3 $1 $18 Ng6 23. Be2 Qa7 24. g4 hxg4 25. hxg4 ({But not} 25. Qxg4 $6 Nge7 $14) 25... Nd4 (25... Qe3 $142) 26. g5 Rh8 27. Bg4 Nb5 28. f5 $2 (28. e5 $18 {and White stays clearly on top.}) 28... Nxc3+ $16 29. bxc3 Ne5 30. Rh1 (30. Qg3 $14) 30... Ke7 $11 31. Qg3 $36 {[%cal Of5f6][%mdl 2048] Prevents Qe3. Threatens to win with f6+! White has good play.} Rxh1 32. Rxh1 Qc5 33. Rh7 Nxg4 $2 {[%mdl 8192] This costs Black the game.} (33... Rg8 $1 $11 {and Black stays safe.}) 34. Qxg4 $18 {[%cal Of5f6] And now f6+! would win.} Qxc3 (34... Rf8 35. Kb2 (35. Rxg7 Qxc3 36. Rh7 Qe1+ 37. Kb2 Qa5 $18) 35... a5) 35. f6+ $1 {White is clearly winning.} gxf6 36. g6 {[%cal Bg5g6,Bg6g7][%mdl 32]} Rf8 {[#]} 37. g7 $1 Rg8 {[#]} 38. Rh8 $1 {Weighted Error Value: White=0.24 (precise) /Black=0.30} 1-0

[Event "46th BAN National Premier Chess-ch 2021"]
[Site "Dhaka"]
[Date "2022.01.07"]
[Round "10.7"]
[White "Subrota, Biswas"]
[Black "Zia, Tahsin Tajwar"]
[Result "1/2-1/2"]
[WhiteElo "2199"]
[BlackElo "2232"]
[Annotator "TA"]
[PlyCount "60"]
[EventDate "2021.12.27"]
[EventCountry "BAN"]
[SourceTitle "playchess.com"]
[Source "ChessBase"]
[SourceQuality "1"]

{[%evp 9,60,1,27,25,24,23,42,31,40,16,24,39,31,29,53,53,77,76,81,62,87,49,49,20,20,20,25,-111,-125,-111,-112,-119,-110,-136,-120,-119,-136,-142,-144,-146,-126,-112,-95,-89,-54,-107,-106,-122,0,-85,-100,-93,0]} 1. e4 c6 2. f3 d5 3. d4 dxe4 4. fxe4 e5 5. Nf3 Bg4 6. c3 {B12: Caro-Kann: Advance Variation.} Nd7 7. Bd3 Bd6 8. O-O {White is slightly better.} Ngf6 9. Na3 $1 {[%mdl 4] is recently more successful than 9.Nbd2.} b5 10. Nc2 O-O 11. Ne3 {[#]} Re8 $146 ({Predecessor:} 11... Bh5 12. Nf5 Qc7 13. Qe1 Bg6 14. Qh4 Bxf5 15. exf5 Rfe8 16. Bc2 exd4 17. Nxd4 Nc5 {1-0 (31) Sankalp,G (2504)-Bhambure,S (2377) Sitges 2021}) 12. a4 a6 13. Nxg4 Nxg4 14. axb5 cxb5 15. Bg5 Be7 16. Bd2 exd4 17. cxd4 {[#] Black must now prevent Qe2.} Nde5 $1 {And now ...Nxf3+ would win.} 18. Bf4 (18. Bc3 $1 $11 {keeps the balance.} b4 19. Nxe5 Nxe5 20. dxe5 bxc3 21. bxc3) 18... Nxf3+ $17 19. Qxf3 Qxd4+ 20. Kh1 {[#]} Bf6 $1 21. Rad1 (21. Ra3 Ne5) 21... Ne5 22. Bxe5 Qxe5 23. Rd2 Rad8 24. Re2 Qd6 25. Bb1 Re5 26. Ba2 Qd3 27. Re3 ({White should play} 27. Qxd3 $1 $15 Rxd3 28. Rc2) 27... Qd4 28. Re2 Qd3 29. Re3 Qc2 30. Re2 Qd3 {Weighted Error Value: White=0.13 (very precise) /Black=0.13 (very precise)} (30... Rd2 $17 31. Rxd2 Qxd2) 1/2-1/2

[Event "46th BAN National Premier Chess-ch 2021"]
[Site "Dhaka"]
[Date "2022.01.08"]
[Round "11.1"]
[White "Zia, Tahsin Tajwar"]
[Black "Manon, Reja Neer"]
[Result "1/2-1/2"]
[WhiteElo "2232"]
[BlackElo "1989"]
[Annotator "ChessBase"]
[PlyCount "34"]
[EventDate "2021.12.27"]
[EventCountry "BAN"]
[SourceTitle "playchess.com"]
[Source "ChessBase"]
[SourceQuality "1"]
[TimeControl "40/5400+30:1800+30"]

1. d4 {[%emt 0:01:24]} Nf6 {[%emt 0:00:02]} 2. c4 {[%emt 0:00:18]} e5 {[%emt 0:00:08]} 3. dxe5 {[%emt 0:00:07]} Ng4 {[%emt 1:31:50]} 4. e4 {[%emt 1:30:41]} Nxe5 {[%emt 0:00:30]} 5. f4 {[%emt 0:00:00]} Nec6 {[%emt 0:00:00]} 6. Nf3 {[%emt 0:01:00]} Bc5 {[%emt 0:01:00]} 7. Bd3 {[%emt 0:00:00]} d6 {[%emt 0:00:30]} 8. Qe2 {[%emt 0:00:00]} Bg4 {[%emt 0:00:00]} 9. Be3 {[%emt 0:00:00]} Nd4 {[%emt 0:01:00]} 10. Qf2 {[%emt 0:02:00]} Ne6 {[%emt 0:00:30]} 11. Nd4 {[%emt 0:00:30]} Nxd4 {[%emt 0:00:00]} 12. Bxd4 {[%emt 0:00:00]} Nc6 {[%emt 0:01:00]} 13. Be3 {[%emt 0:01:00]} Nb4 {[%emt 0:00:00]} 14. Qd2 {[%emt 0:00:30]} Qf6 {[%emt 0:01:00]} 15. e5 {[%emt 0:00:00]} Qh6 {[%emt 0:00:00]} 16. O-O {[%emt 0:01:00]} O-O-O {[%emt 0:01:00]} 17. Nc3 {[%emt 0:00:30]} Nxd3 {[%emt 0:00:30]} 1/2-1/2

[Event "46th BAN National Premier Chess-ch 2021"]
[Site "Dhaka"]
[Date "2022.01.08"]
[Round "11.3"]
[White "Chatterjee, Debaraj"]
[Black "Reefat, Bin-Sattar"]
[Result "1-0"]
[WhiteElo "2204"]
[BlackElo "2394"]
[Annotator "TA"]
[PlyCount "123"]
[EventDate "2021.12.27"]
[EventCountry "BAN"]
[SourceTitle "playchess.com"]
[Source "ChessBase"]
[SourceQuality "1"]

{[%evp 27,123,29,31,27,39,52,94,110,93,67,64,74,70,80,77,70,77,72,79,56,65,66,56,60,68,65,79,72,82,80,83,81,73,0,29,0,0,-16,0,0,0,0,0,-8,47,53,68,52,82,81,158,23,173,100,110,112,106,15,14,24,621,593,591,575,539,514,584,573,787,754,29992,29993,29995,497,464,352,397,0,471,0,415,415,414,414,425,225,370,216,209,155,500,476,729,728,587,381,29974,29967]} 1. d4 e6 2. c4 Nf6 3. Nf3 c5 4. d5 exd5 5. cxd5 d6 6. Nc3 g6 7. g3 Bg7 8. Bg2 O-O 9. O-O Re8 10. Nd2 {[%cal Bf3d2,Bd2c4,Bc4a3,Ba3c2][%mdl 32]} Nbd7 11. h3 a6 12. a4 {[%cal Ba2a4,Ba4a5][%mdl 32]} Rb8 13. Nc4 Nb6 14. Na3 Bd7 {[%cal Ob6a4]} 15. e4 {A64: Modern Benoni: Fianchetto Variation: 9...Nbd7 10 Nd2 a6 11 a4 Re8.} Qc7 16. Re1 {[#]} c4 $146 (16... Nxa4 $14 {should be considered.} 17. Nxa4 b5) ({Predecessor:} 16... Nc8 17. Bf1 h6 18. Kh2 Nh7 19. Bd2 g5 20. Qc2 Ne7 21. a5 Bd4 22. f3 Ng6 {½-½ (39) Sasikiran,K (2688)-Sadvakasov,D (2627) Guangzhou 2010}) 17. a5 {White is better.} Nc8 {[%cal Bb6c8,Bc8a7,Ba7b5][%mdl 32]} 18. Nc2 Na7 19. Be3 Nb5 20. Bb6 Qc8 21. Kh2 Re7 22. f4 (22. Qd2 {is more complex.} Qe8 23. f3 Rc8 24. Nd4 h5 25. Kg1) 22... Qe8 23. Qf3 Nxc3 24. bxc3 {[%cal Oe4e5]} Ba4 25. Nb4 Bb3 {[%cal Of6e4]} 26. Bd4 {White is more active.} Qb5 27. Qf2 Nd7 {Prevents e5.} 28. Bxg7 $1 Kxg7 29. Qd4+ $1 f6 30. g4 (30. h4 $1 $16) 30... Qc5 31. Qd2 Rbe8 32. Rf1 f5 33. gxf5 gxf5 34. e5 dxe5 35. fxe5 Nxe5 (35... Rxe5 $11 36. Qg5+ Kh8 37. Rxf5 Rg8 38. Rxe5 Rxg5 39. Rxg5 Qe3) 36. Rxf5 $14 Ng6 37. Raf1 Qd6+ 38. Kh1 {[%cal Of5f6]} Kg8 (38... Re2 39. Rf7+ Kg8 40. Qh6) (38... Rf8 $142) 39. Qh6 ({White should play} 39. h4 $16 {Qh6 is the strong threat.} Rg7 40. Qf2) 39... Rg7 (39... Re2 40. Rf7) (39... Re1 $1 $11 {and Black stays safe.}) 40. Rf6 ({Better is} 40. h4 $1 $18 {[%cal Rh4h5] Threatens to win with h5.} Qg3 41. d6) 40... Qg3 $16 41. d6 {Really sharp!} Ba4 (41... Re2 42. Bd5+) 42. R6f3 (42. Bd5+ Kh8 $11) (42. Qd2 $1 $16) 42... Qxd6 $11 43. Nd5 {aiming for Nf6+.} Qxd5 {[%mdl 8192] [#] Black is now going downhill.} (43... Kh8 $11) 44. Rf8+ $1 $18 {[%mdl 576] Discovered Attack} Nxf8 {[%csl Gg7][%cal Rd5g2]} 45. Bxd5+ Kh8 46. Qf6 {Threatening mate with Qxf8+.} Ng6 47. h4 {Black must now prevent h5.} h5 48. Rg1 Rf8 49. Qg5 (49. Qd4 Rf4 $1 50. Qb6 (50. Be4 $2 Rxh4+ 51. Kg2 Bc6 $19) 50... Rxh4+ 51. Kg2 Re7 $11) 49... Rf4 50. Qd8+ (50. Qh6+ $142 Rh7 51. Qxf4 $3 {[%mdl 512]} (51. Qxg6 Rxh4+ 52. Kg2 Rg7 $11) 51... Rg7 52. Qh6+ Rh7 53. Qxg6 Re7 54. Qg8#) 50... Rf8 51. Qd6 (51. Qg5 Rf6 52. Qxf6 Kh7 53. Rg5 Bd1 54. Be4 Kg8 55. Bxg6 Bf3+ 56. Kh2 Kh8 57. Qf8+ Rg8 58. Qh6#) 51... Rf4 52. Qd8+ ({Not} 52. Rxg6 Rxh4+ 53. Kg2 Rxg6+ 54. Qxg6 Rg4+ 55. Qxg4 hxg4 $16) 52... Rf8 $1 53. Qd6 ({Weaker is} 53. Qg5 Rf6 54. Qxf6 Kh7 55. Rg5 Bd1 56. Be4 Kg8 57. Bxg6 Bf3+ 58. Kh2 Kh8 59. Qf8+ Rg8 60. Qh6#) 53... Rf4 $1 54. Rg2 (54. Rxg6 Rxh4+ 55. Kg2 Rxg6+ 56. Qxg6 Rg4+ 57. Qxg4 hxg4 $16) 54... Kh7 55. Kg1 Bd7 56. Qc5 $40 {[%mdl 128] White has strong attack.} (56. Rg5 $142 {[%cal Rg5h5]} Kh6 57. Bxb7 Rxh4 58. Qf6) 56... Bh3 (56... Bg4 {was necessary.} 57. Be6 (57. Bxc4 Rf5 $14) 57... Re7 58. Bxg4 hxg4) 57. Rg3 (57. Rg5 $142 {[%cal Rg5h5]} Rxh4 58. Bf3) 57... Bg4 58. Bxc4 Nxh4 $2 (58... Rf5 $16 {is more resistant.} 59. Qb6 Ne5) 59. Bd3+ Ng6 {[#]} (59... Kh8 $142 60. Qd6 Nf3+ 61. Kh1 Rff7) 60. Qg5 $1 {And now Qxf4 would win.} Rff7 61. Re3 Bd1 $2 (61... Rd7 $18 62. Bc2 Rd6) 62. Re6 {Weighted Error Value: White=0.70/Black=0.63} 1-0

[Event "46th BAN National Premier Chess-ch 2021"]
[Site "Dhaka"]
[Date "2022.01.08"]
[Round "11.4"]
[White "Hossain, Enamul"]
[Black "Nayem, Haque"]
[Result "1/2-1/2"]
[WhiteElo "2398"]
[BlackElo "2091"]
[Annotator "TA"]
[PlyCount "128"]
[EventDate "2021.12.27"]
[EventCountry "BAN"]
[SourceTitle "playchess.com"]
[Source "ChessBase"]
[SourceQuality "1"]

{[%evp 13,128,10,29,0,31,20,59,58,63,57,55,58,56,50,54,45,55,53,60,60,75,54,49,42,55,51,46,39,48,27,47,3,24,0,79,85,81,85,77,82,109,20,50,27,14,3,3,0,0,0,0,0,0,0,0,0,0,0,191,0,0,0,0,0,0,0,0,0,0,0,0,0,0,0,0,0,0,0,0,0,0,0,0,0,0,0,0,0,0,0,0,0,0,0,0,0,0,0,0,0,0,0,0,0,0,0,0,0,0,0,0,0,0,0,0,0,0]} 1. d4 Nf6 2. c4 e6 3. Nf3 d5 4. Nc3 Bb4 5. Qa4+ Nc6 6. e3 O-O 7. Bd2 a6 8. Qc2 {D38: Queen's Gambit Declined: Ragozin Defence (4 Nf3 Bb4).} h6 9. a3 Bxc3 10. Bxc3 {White is slightly better.} Ne4 11. Bd3 Nxc3 12. Qxc3 {[#]} Bd7 $146 ({Predecessor:} 12... dxc4 13. Bxc4 Bd7 14. O-O Qf6 15. Rac1 Rfe8 16. Rfd1 Rad8 17. Be2 Rb8 18. b4 Rbc8 {0-1 (60) Zoler,D (2498)-Haimovich,T (2361) Biel 2015}) 13. O-O Ne7 14. Rfe1 dxc4 15. Bxc4 Bb5 16. Ba2 Nd5 17. Qd2 (17. Qc2 {is interesting.} a5 18. Rad1 Qd6 19. Bb1 Nf6 20. a4) 17... Nf6 18. Rac1 Rc8 19. e4 Qe7 20. Qe3 Rfd8 21. h3 Nd7 22. Rc3 (22. b4 $14) 22... c5 $11 23. Qc1 (23. d5 {is more complex.} exd5 24. exd5 Qd6 25. Nh4 Qf6 26. Qe4) 23... Nb6 (23... Qf8 $1 $11) 24. Rxc5 $16 Rxc5 25. dxc5 (25. Qxc5 Qxc5 26. dxc5 Na4 $11) 25... Na4 26. b4 Rd3 27. Bb1 (27. Re3 $1 $16) 27... Rc3 $11 28. Qf4 {Qb8+ is the strong threat.} Qd8 {To avoid Qb8} 29. e5 {Black must now prevent Qe4.} Bc6 {To avoid Qe4} 30. Nd4 $36 {[%mdl 2048] White has the initiative.} Bd5 31. Be4 Bxe4 32. Rxe4 ({But not} 32. Qxe4 Rc4 33. Qxb7 Qxd4 34. Qxa6 Nc3 35. Qa8+ Kh7 $17) 32... Rxa3 33. c6 bxc6 34. Nxc6 Qd7 35. Rc4 {[%cal Oc6e7]} Rc3 $2 {[#]} (35... Nb6 $11 {and Black stays safe.} 36. Rc1 Nd5) 36. Kh2 $2 ({White has to play} 36. Rd4 $1 $18 {[%cal Rd4d7]} Qc7 37. Rd8+ Kh7 38. Qe4+ g6 39. Qf4 Rxc6 40. Qf6 Qxd8 41. Qxd8) 36... Rxc4 {The position is equal.} 37. Qxc4 Nb6 38. Qc5 Nd5 39. Qd6 Qc7 40. g3 Qb7 41. Nd8 Qxb4 42. Nxe6 Qxd6 43. exd6 {[%mdl 4096] Endgame Strongly threatening d7. KN-KN} Nb6 (43... fxe6 $2 44. d7 $18) 44. Nc5 {aiming for d7.} Kf8 45. Nxa6 Nc4 46. d7 {[%cal Rd7d8]} Ke7 47. Nc5 Ne5 48. Kg2 Nxd7 49. Nxd7 Kxd7 {K3P-K3P} 50. Kf3 Ke6 51. Ke4 g6 52. f3 f6 {[%cal Bf7f6,Bf6f5][%mdl 32]} 53. f4 f5+ 54. Kd4 Kd6 55. Kc4 Kc6 56. g4 fxg4 $1 57. hxg4 {KPP-KPP} Kd6 58. Kd4 Ke6 59. Ke4 (59. f5+ $5 gxf5 60. gxf5+ Kxf5 61. Ke3 $11) 59... Kf6 60. Kf3 h5 61. gxh5 gxh5 62. Kg3 Kf5 63. Kh4 Kxf4 64. Kxh5 Ke4 {Weighted Error Value: White=0.13 (very precise) /Black=0.15 (very precise)} 1/2-1/2

[Event "46th BAN National Premier Chess-ch 2021"]
[Site "Dhaka"]
[Date "2022.01.08"]
[Round "11.5"]
[White "Mehdi, Hasan Parag"]
[Black "Mohammad, Minhaz Uddin"]
[Result "1-0"]
[WhiteElo "2230"]
[BlackElo "2259"]
[Annotator "ChessBase"]
[PlyCount "85"]
[EventDate "2021.12.27"]
[EventCountry "BAN"]
[SourceTitle "playchess.com"]
[Source "ChessBase"]
[SourceQuality "1"]
[TimeControl "40/5400+30:1800+30"]

1. e4 {[%emt 1:31:00]} e5 {[%emt 0:13:49]} 2. Nf3 {[%emt 0:00:00]} Nf6 {[%emt 0:00:10]} 3. Nxe5 {[%emt 0:01:00]} d6 {[%emt 0:00:58]} 4. Nf3 {[%emt 0:00:00]} Nxe4 {[%emt 1:17:33]} 5. Nc3 {[%emt 0:00:00]} Nxc3 {[%emt 0:00:00]} 6. dxc3 {[%emt 0:00:00]} Be7 {[%emt 0:00:00]} 7. Be3 {[%emt 0:02:00]} Nd7 {[%emt 0:00:00]} 8. Qd2 {[%emt 0:00:00]} Nf6 {[%emt 0:00:00]} 9. O-O-O {[%emt 0:00:00]} O-O {[%emt 0:00:00]} 10. Bd3 {[%emt 0:00:00]} c5 {[%emt 0:00:00]} 11. Rhe1 {[%emt 0:00:00]} Be6 {[%emt 0:00:00]} 12. Kb1 {[%emt 0:02:30]} d5 {[%emt 0:00:00]} 13. Ng5 {[%emt 0:00:30]} c4 {[%emt 0:04:30]} 14. Be2 {[%emt 0:00:30]} a5 {[%emt 0:00:30]} 15. Nxe6 {[%emt 0:00:00]} fxe6 {[%emt 0:00:00]} 16. f4 {[%emt 0:01:00]} b5 {[%emt 0:01:00]} 17. Bf3 {[%emt 0:00:00]} b4 {[%emt 0:00:00]} 18. Bd4 {[%emt 0:00:00]} Ra6 {[%emt 0:01:00]} 19. g4 {[%emt 0:00:00]} Ne8 {[%emt 0:00:00]} 20. f5 {[%emt 0:02:00]} Nc7 {[%emt 0:01:00]} 21. Qg2 {[%emt 0:00:00]} bxc3 {[%emt 0:00:00]} 22. Bxc3 {[%emt 0:00:00]} Nb5 {[%emt 0:01:00]} 23. Be5 {[%emt 0:01:30]} c3 {[%emt 0:00:30]} 24. bxc3 {[%emt 0:00:30]} d4 {[%emt 0:00:30]} 25. Ka1 {[%emt 0:00:30]} Qc8 {[%emt 0:00:30]} 26. Rd3 {[%emt 0:00:00]} Qc4 {[%emt 0:00:00]} 27. Bxd4 {[%emt 0:00:00]} Nxd4 {[%emt 0:01:00]} 28. cxd4 {[%emt 0:00:00]} Bb4 {[%emt 0:00:30]} 29. Ree3 {[%emt 0:02:00]} Rb8 {[%emt 0:00:00]} 30. c3 {[%emt 0:00:00]} Rab6 {[%emt 0:01:00]} 31. Be4 {[%emt 0:01:00]} Ba3 {[%emt 0:00:00]} 32. Rd2 {[%emt 0:00:00]} Bc1 {[%emt 0:01:00]} 33. Qe2 {[%emt 0:00:00]} Qa4 {[%emt 0:00:30]} 34. fxe6 {[%emt 0:00:00]} Bb2+ {[%emt 0:00:00]} 35. Rxb2 {[%emt 0:00:00]} Rxb2 {[%emt 0:00:00]} 36. Qxb2 {[%emt 0:00:00]} Qd1+ {[%emt 0:01:30]} 37. Qb1 {[%emt 0:00:00]} Rxb1+ {[%emt 0:00:00]} 38. Bxb1 {[%emt 0:00:00]} Qd2 {[%emt 0:00:00]} 39. Rd3 {[%emt 0:04:00]} Qe2 {[%emt 0:00:00]} 40. d5 {[%emt 0:00:00]} a4 {[%emt 0:00:00]} 41. a3 {[%emt 0:00:00]} Kf8 {[%emt 0:32:30]} 42. d6 {[%emt 0:00:00]} Ke8 {[%emt 0:00:00]} 43. Rd4 {[%emt 0:00:00]} 1-0

[Event "46th BAN National Premier Chess-ch 2021"]
[Site "Dhaka"]
[Date "2022.01.08"]
[Round "11.6"]
[White "Mollah Abdullah, Al Rakib"]
[Black "Md., Sharif Hossain"]
[Result "0-1"]
[WhiteElo "2459"]
[BlackElo "2211"]
[Annotator "TA"]
[PlyCount "119"]
[EventDate "2021.12.27"]
[EventCountry "BAN"]
[SourceTitle "playchess.com"]
[Source "ChessBase"]
[SourceQuality "1"]

{[%evp 12,119,0,-8,20,0,24,14,81,93,91,91,112,73,79,75,85,84,91,87,122,117,108,108,106,114,110,116,91,97,156,131,232,238,235,66,67,60,71,27,264,268,257,180,201,170,193,182,178,56,61,49,55,49,72,61,60,50,74,49,52,41,64,6,42,24,46,0,90,38,42,6,99,112,101,63,102,95,107,0,0,-15,-8,-8,-8,-24,-8,-8,-10,-10,-10,-10,-2,-79,-66,-72,-64,-59,-52,-144,-132,-139,-139,-677,-634,-625,-617,-1494,-1412,-1524]} 1. d4 d5 2. c4 c6 3. Nf3 Nf6 4. Nc3 e6 5. cxd5 exd5 6. Bg5 h6 7. Bh4 Bd6 {D35: Queen's Gambit Declined: Exchange Variation.} 8. Qc2 Bg4 9. Ne5 {[#]} Qc8 $146 (9... Be6 $11) ({Predecessor:} 9... g5 10. Bg3 Be6 11. e3 Ne4 12. Nxe4 dxe4 13. Bc4 Bb4+ 14. Ke2 Bd5 15. Qb3 Qa5 {1-0 (32) Alcala,W (2030)-Jimenez,R San Carlos 2012}) 10. Bxf6 (10. Nxg4 {feels hotter.} Qxg4 11. Bxf6 gxf6 12. O-O-O Bb4 13. h3) 10... gxf6 11. Nxg4 Qxg4 12. e3 (12. O-O-O {with more complications.} Nd7 13. e4 Nb6 14. f3 Qc8 15. Kb1) 12... Nd7 13. g3 Qf3 14. Rg1 Qh5 15. h4 Rg8 16. Be2 Qg6 17. Bd3 Qg4 18. Bh7 Rg7 19. Bf5 Qf3 20. Bd3 {Black must now prevent Be2.} Bb4 ({Black should play} 20... Qh5) 21. Qb3 $36 {[%mdl 2048] Black is under strong pressure.} Ba5 (21... Bxc3+ $16 22. bxc3 Nb6) 22. Be2 $1 $18 (22. Qxb7 Rb8 23. Be2 Bxc3+ 24. bxc3 Qxe2+ $3 {[%mdl 512]} 25. Kxe2 Rxb7 $19) 22... Qf5 23. Qa3 $2 (23. Qxb7 $18 Rb8 24. Qxa7 Bxc3+ 25. bxc3) 23... Bc7 $14 24. Rc1 {[%cal Oc3b5]} Qe6 {[#]} 25. Bd3 (25. Nb5 $1 $16 Bb8 26. Kd2 $1) 25... O-O-O (25... f5 $1 $11) 26. Qxa7 $18 {aiming for Qa8+.} Rxg3 27. Qa8+ (27. fxg3 $2 Qxe3+ 28. Ne2 Re8 29. Qa8+ Nb8 $19) 27... Nb8 28. Kd2 (28. fxg3 $2 {is the wrong capture.} Qxe3+ 29. Ne2 Re8 $19) 28... Rxg1 29. Rxg1 Bd6 30. Qa4 (30. Na4 $18) 30... Nd7 $14 {[%cal Bb8d7,Bd7b6,Bb6c4][%mdl 32]} 31. Qc2 Kb8 32. Bf5 Qe7 33. Kc1 Nb6 34. Kb1 Bb4 35. Ne2 Nc4 {[%cal Ob4a3]} 36. Ka1 Qc7 37. Nf4 (37. Bd3 $14) 37... Qa5 38. Nd3 Bd6 39. Qc3 (39. Nc1 $14) 39... Qa4 {[#]} (39... Qxc3 $11 40. bxc3 Bf8) 40. Nc1 (40. b3 $1 $16 {[%cal Rb3a4]} Qa3 41. Qe1) 40... Bb4 41. Qc2 Qa5 (41... Qxc2 $11 {remains equal.} 42. Bxc2 Be7) 42. Bd3 $16 b5 43. Ne2 Rc8 44. Bxc4 dxc4 45. Qf5 (45. Kb1 $16) 45... Be1 $11 46. Rg2 ({Wrong is} 46. Qxf6 $2 Qd2 47. a4 Qxe2 $19) 46... Qd2 47. Nc3 Qc1+ 48. Qb1 $1 {[#]} Qxc3 49. bxc3 Bxc3+ 50. Qb2 Bxb2+ 51. Kxb2 {[%mdl 4096] Endgame KR-KR} c5 52. Kc3 (52. dxc5 $11 {keeps the balance.} Rxc5 53. Rg7) 52... cxd4+ $17 53. exd4 Kb7 {Strongly threatening ...Ra8.} 54. Rg7 Rc7 55. Rh7 ({White should try} 55. Rg3 $15) 55... b4+ $1 56. Kc2 Re7 57. Kd2 {[%mdl 8192] Prevents Re2+.} (57. Kd1 $17) 57... Kc6 $19 {And now ...Ra7 would win. Black is clearly winning.} 58. Rxh6 Ra7 59. Rxf6+ Kd5 60. Rf5+ {Never resign too early!  Weighted Error Value: White=0.46/Black=0.21 (precise)} 0-1